000 00533nam a2200205Ia 4500
003 OSt
005 20230516143704.0
008 210423s2000 xx 000 0 und d
040 _cAL
041 _aeng
082 _a307.1772
_223
_bGOVT
100 _aGOVERNMENT OF INDIA
_9105452
245 _aTribal people of india
260 _aNew Delhi
_bGalgotia Publications Pvt Ltd
_c2000
365 _b6
_cINR
650 _aCommunities
_9105453
650 _aSociology
_9105454
906 _aindia ; people ; Tribal
942 _2ddc
_cBK
999 _c172206
_d172206